000 00419nab a22001457 4500
003 ES-SlBCS
005 20210327224136.0
008 160225s2016 sp ||||| |||| 00| 0 spa d
040 _aES-SlBCS
_bspa
041 _aspa
100 1 _aAmicht-Quinn, Regina
_9105589
245 1 0 _aTeología, interrumpida
_cRegina Amicht-Quinn
773 0 _gNúm. 364, 2016, págs. 147-152
_tConcilium
_wRev134
_x0210-1041
942 _2lcc
_cAR
999 _c466823
_d466823